Социология в оценке и анализе развития современного общества (Запись № 13667391)

Подробности
000 -МАРКЕР
контрольное поле 02952nam0a2200409 4500
001 - ИДЕНТИФИКАТОР ЗАПИСИ
контрольное поле RU\NLR\BIBL_A\022352081
005 - ИДЕНТИФИКАТОР ВЕРСИИ
контрольное поле 20260420015833.0
010 ## - МЕЖДУНАРОДНЫЙ СТАНДАРТНЫЙ НОМЕР КНИГИ (ISBN)
Номер (ISBN) 978-5-91326-830-3
Тираж 500
021 ## - НОМЕР ГОСУДАРСТВЕННОЙ РЕГИСТРАЦИИ
Код страны Российская Федерация
Номер КН-П-24-051935
Номер Листа государственной регистраци КН-П-24-5165
035 ## - ДРУГИЕ СИСТЕМНЫЕ НОМЕРА
Идентификатор записи (NLR Aleph) 022352081
100 ## - ДАННЫЕ ОБЩЕЙ ОБРАБОТКИ
Данные общей обработки 20241014d2023 k y0rusy50 ca
101 0# - ЯЗЫК РЕСУРСА
Язык текста, звукозаписи и т.д. русский
Язык резюме английский
102 ## - СТРАНА ПУБЛИКАЦИИ ИЛИ ПРОИЗВОДСТВА
Страна публикации Российская Федерация
105 ## - ПОЛЕ КОДИРОВАННЫХ ДАННЫХ: ТЕКСТОВЫЕ МАТЕРИАЛЫ, МОНОГРАФИЧЕСКИЕ
Кодированные данные о монографическом текстовом документе a z 000yy
181 #0 - ПОЛЕ КОДИРОВАННЫХ ДАННЫХ: ВИД СОДЕРЖАНИЯ
Код вида содержания (ISBD) i3
Код характеристики содержания (ISBD) axxe
182 #0 - ПОЛЕ КОДИРОВАННЫХ ДАННЫХ: ТИП СРЕДСТВА
Код типа средства (ISBD) n - непосредственное
200 1# - ЗАГЛАВИЕ И СВЕДЕНИЯ ОБ ОТВЕТСТВЕННОСТИ
Основное заглавие Социология в оценке и анализе развития современного общества
Сведения, относящиеся к заглавию монография
Первые сведения об ответственности А. М. Бекарев, Г. С. Пак, Е. Ю. Бикметов [и др.]
Последующие сведения об ответственности научный редактор: Саралиева Зарэтхан Хаджи-Мурзаевна - доктор исторических наук, профессор
-- Министерство науки и высшего образования РФ, Федеральное государственное автономное образовательное учреждение высшего образования "Национальный исследовательский Нижегородский государственный университет им. Н. И. Лобачевского"
203 ## - ВИД СОДЕРЖАНИЯ И ТИП СРЕДСТВА
Вид содержания Текст
Дополнительные сведения об издании визуальный
Тип средства непосредственный
210 ## - ПУБЛИКАЦИЯ, РАСПРОСТРАНЕНИЕ И ДР.
Место издания, распространения и т.д. Нижний Новгород
Имя издателя, распространителя и т. д. Изд-во Нижегородского госуниверситета им. Н. И. Лобачевского
Дата издания, распространения и т.д. 2023
215 ## - ФИЗИЧЕСКАЯ ХАРАКТЕРИСТИКА
Специфическое обозначение материала и объем 193 с.
Другие сведения о физической характеристике ил., табл.
Размеры 20
300 ## - ОБЩИЕ ПРИМЕЧАНИЯ
Текст примечания На 8-й, 36-й с. авт.: Бекарев А. М. - д-р филос. наук, проф., Пак Г. С. - д-р филос. наук, проф., Бикметов Е. Ю. - д-р социол. наук, проф. [и др.]
300 ## - ОБЩИЕ ПРИМЕЧАНИЯ
Текст примечания Авт. указаны на обороте тит. с.
300 ## - ОБЩИЕ ПРИМЕЧАНИЯ
Текст примечания Рез. на англ. яз.
320 ## - ПРИМЕЧАНИЯ О НАЛИЧИИ В ДОКУМЕНТЕ БИБЛИОГРАФИИ / УКАЗАТЕЛЯ
Текст примечания Библиогр. в конце гл.
606 1# - НАИМЕНОВАНИЕ ТЕМЫ КАК ПРЕДМЕТ
Наименование темы Общественное развитие
Тематический подзаголовок Социологические исследования
Географический подзаголовок Российская Федерация
Системный номер авторитетной/нормативной записи 1708726
Идентификатор авторитетной/нормативной записи RU\NLR\AUTH\661059029
686 1# - ИНДЕКСЫ ДРУГИХ КЛАССИФИКАЦИЙ
Индекс С59(2)7
701 #1 - ИМЯ ЛИЦА - АЛЬТЕРНАТИВНАЯ ОТВЕТСТВЕННОСТЬ
Начальный элемент ввода Бекарев
Часть имени, кроме начального элемента ввода А. М.
Расширение инициалов личного имени Адриан Михайлович
701 #1 - ИМЯ ЛИЦА - АЛЬТЕРНАТИВНАЯ ОТВЕТСТВЕННОСТЬ
Начальный элемент ввода Пак
Часть имени, кроме начального элемента ввода Г. С.
Расширение инициалов личного имени Галина Станиславовна
701 #1 - ИМЯ ЛИЦА - АЛЬТЕРНАТИВНАЯ ОТВЕТСТВЕННОСТЬ
Начальный элемент ввода Бикметов
Часть имени, кроме начального элемента ввода Е. Ю.
Расширение инициалов личного имени Евгений Юрьевич
702 #1 - ИМЯ ЛИЦА - ВТОРИЧНАЯ ОТВЕТСТВЕННОСТЬ
Код отношения Редактор
Графика поля Кириллица
Материалы, к которым относится поле rus
Начальный элемент ввода Саралиева
Часть имени, кроме начального элемента ввода З. Х.-М.
Расширение инициалов личного имени Зарэтхан Хаджи-Мурзаевна
Системный номер авторитетной/нормативной записи 121770
Идентификатор авторитетной/нормативной записи RU\NLR\AUTH\7712039
712 02 - НАИМЕНОВАНИЕ ОРГАНИЗАЦИИ - ВТОРИЧНАЯ ОТВЕТСТВЕННОСТЬ
Код отношения Издающая организация
Начальный элемент ввода Национальный исследовательский Нижегородский государственный университет им. Н. И. Лобачевского
Системный номер авторитетной/нормативной записи 2643385
Идентификатор авторитетной/нормативной записи RU\NLR\AUTH\880617520
942 ## - ДОПОЛНИТЕЛЬНЫЕ ЭЛЕМЕНТЫ ЗАПИСИ (АБИС)
Тип экземпляра АБИС Книга
980 ## - КОЛЛЕКЦИЯ
Название коллекции Национальная библиография

Нет доступных экземпляров.